00629 a2200157 4500003000500000005001700005040000900022082001000031100002600041245011300067260003100180300001400211500022000225650001400445651001200459Nust20170207171533.0 cNust a005.1 aUllah, Atta (MSCS-18) aAn Evaluation Framework for the Comparison on Open Source Enterprize Resource Planning Systems cAtta Ullah  aRawalpindibMCS,NUSTc2015 axii, 83 p aIntroduction (Page-1) Literature Review (Page-07) Open Source ERP Evaluation Framework (Page-19) Implementation and Results (Page-37) Validation of the Framework Result (Page-45) Conclusion and Future work (Page-61) aPG Thesis aMSCS-18